Normal view MARC view
  • León Campos, Juan Cristóbal

Entry Nombre Personal

Number of records used in: 1

001 - NUMERO DE CONTROL

  • campo de control: 47014

003 - IDENTIFICADOR DE NUMERO DE CONTROL

  • campo de control: DLC

005 - FECHA Y HORA DE LA ÜLTIMA TRANSACCIÓN

  • campo de control: 20221006181454.0

008 - DATOS DE LONGITUD FIJA

  • campo de control de longitud fija: 221006n| azannaabn |a aaa c

010 ## - NÚMERO DE CONTROL DE LA BIBLIOTECA DEL CONGRESO

  • Número de control LC: no2007020859

035 ## - NUMERO DE CONTROL

  • Número de control: (OCoLC)oca07337096

040 ## - FUENTE DE CATALOGACIÓN

  • Agencia original de catalogación: CtY
  • Lenguaje de catalogación: spa
  • Description conventions: rda
  • Agencia de transcripción: CtY
  • Agencia que lo modifica: DLC
  • Agencia que lo modifica: MX-MxUPN

100 1# - ENCABEZAMIENTO - NOMBRE PERSONAL

  • Nombre personal: León Campos, Juan Cristóbal

375 ## - GÉNERO

  • Gender: masculino

377 ## - LENGUA ASOCIADA

  • Language code: spa

400 1# - VEÁSE - NOMBRE DE PERSONA

  • Personal name: Campos, Juan Cristóbal León

400 1# - VEÁSE - NOMBRE DE PERSONA

  • Personal name: León Campos, Cristóbal

670 ## - FUENTE EN LA QUE SE LOCALIZARON DATOS

  • Cita de la fuente: Cuaderno de ensayos universitarios, 2004:
  • Información localizada: portada (Juan Cristóbal León Campos)

670 ## - FUENTE EN LA QUE SE LOCALIZARON DATOS

  • Cita de la fuente: Disyuntivas, II, 2013:
  • Información localizada: reverso de portada (Cristóbal León Campos)

670 ## - FUENTE EN LA QUE SE LOCALIZARON DATOS

  • Cita de la fuente: Despierta, 2011:
  • Información localizada: portada (Cristóbal León Campos)

902 ## - CATALOGADOR

  • Catalogador: VAGG/061022